Normal view
MARC view
- BIRKIN, S.J,SANDERS, D.H
Entry Personal Name
001 - CONTROL NUMBER
- control field: 75044
003 - CONTROL NUMBER IDENTIFIER
- control field: NUST
005 - DATE AND TIME OF LATEST TRANSACTION
- control field: 20210628205336.0
008 - FIXED-LENGTH DATA ELEMENTS
- fixed length control field: 210628|| aca||aabn | a|a d
040 ## - CATALOGING SOURCE
- Original cataloging agency: NUST
- Transcribing agency: NUST
100 ## - HEADING--PERSONAL NAME
- Personal name: BIRKIN, S.J,SANDERS, D.H
670 ## - SOURCE DATA FOUND
- Source citation: Work cat.: (NUST): BIRKIN, S.J,SANDERS, D.H, COMPUTER AND MANAGEMENT, 1980
